000 00277nam a2200121Ia 4500
008 190216s9999||||xx |||||||||||||| ||und||
100 _aEdgar Wallace
245 4 _aThe Fourth Plague
260 _bWard Lock Pub
_c1976
300 _a190
650 _aEnglish Novel
942 _cBK
999 _c12492
_d12492